000 00784nam a2200229 a 4500
001 BRL_1567
005 20190320211250.0
008 140314s1981----gw-o######---#000-0#ger-#
041 _ager
044 _agw
050 4 _aNK8800.8
_b.I57 1981
110 2 _aInstitut für Künstlerische Textilgestaltung
_927305
245 1 0 _aTextilkunst 81
_bLinz, Stadtausstellung, september 1981 : Wien, Künstlerhaus, dezember 1981
260 _a[Alemania]
_bInternationale Textilausstellung
_c1981
300 _a1 v. (sin paginación)
_bil., fotogrfías
_c21 cm.
500 _aAu1584
500 _aEstado físico: Pasta del lomo desprendida
500 _aTexto en: alemán e inglés
650 1 4 _aTelas
_vExposiciones
_xDecoración y ornamentación
_927306
902 _aGRL
942 _2lcc
_cB
999 _c10376
_d10376